000 00602nam a2200265Ia 4500
005 20260306164118.0
008 008 260114s9999 xx 000 0 eng d
020 _a9780823277193
037 _aEBOOK
040 _aCRL
040 _beng
040 _cCRL
041 _2eng
041 _aeng
084 _qCRL
100 _aBennington
_91129937
245 0 _aKant On The Frontier
260 _bFordham University Press
260 _c2018
650 _aPhilosophy
856 _uhttps://academic.oup.com/book/16513
942 _cEBOOK
999 _c1712796
_d1712796